Energy law journal

Bibliographic Details
Corporate Author: Federal Energy Bar Association (U.S.)
Format: Unknown
Language:English
Published: Washington : Federal Energy Bar Association
Subjects:
Online Access:Acceso restringido

MARC

LEADER 00000ny a22000003n 4500
005 20110512131652.0
008 800715c19809999dcufx1p sl 0 a0eng d
022 0 |a 0270-9163 
035 |a 3946 
040 |a NSDP  |c NSDP  |d vLex 
090 |c 1787  |d 1787 
245 0 0 |a Energy law journal  |h [Recurso electrn̤ico] 
256 |a Servicio en ln̕ea 
260 |a Washington :  |b Federal Energy Bar Association 
310 |a Semestral 
506 1 |a Contenido solo disponible en los productos indicados  |d vLex Global  |d vLex Global (Academic Edition, excluding Law Schools)  |d vLex Global (U.S. Academic Edition, excluding Law Schools) 
650 0 4 |a Derecho  |z Estados Unidos  |x Publicaciones perid̤icas 
650 0 4 |a Recursos energťicos  |x Publicaciones perid̤icas 
650 0 4 |a Law and Education 
710 2 |a Federal Energy Bar Association (U.S.) 
740 |a vLex Revista (Servicios en ln̕ea) 
843 |a Electrn̤ica. Cerrada 
853 |8 1  |i (year)  |j (month)  |k (day) 
856 4 0 |u http://vlex.com/source/3946  |z Acceso restringido 
942 |c REV